Sports Quiz

Random Sports Quiz
Score 0/121 Timer 08:00
0 Plays Today
Rally Driver % Correct
1990Carlos Sainz
100%
1990Carlos Sainz
100%
1990Carlos Sainz
100%
1990Carlos Sainz
100%
1991Carlos Sainz
100%
1991Carlos Sainz
100%
1991Carlos Sainz
100%
1991Carlos Sainz
100%
1991Carlos Sainz
100%
1992Carlos Sainz
100%
1992Carlos Sainz
100%
1992Carlos Sainz
100%
1992Carlos Sainz
100%
1993Colin McRae
100%
1994Carlos Sainz
100%
1994Colin McRae
100%
1994Colin McRae
100%
1995Carlos Sainz
100%
1995Carlos Sainz
100%
1995Colin McRae
100%
1995Carlos Sainz
100%
1995Colin McRae
100%
1996Carlos Sainz
100%
1996Colin McRae
100%
1996Colin McRae
100%
1996Colin McRae
100%
1997Colin McRae
100%
1997Colin McRae
100%
1997Carlos Sainz
100%
1997Carlos Sainz
100%
1997Colin McRae
100%
1997Colin McRae
100%
1997Colin McRae
100%
1998Carlos Sainz
100%
1998Colin McRae
100%
1998Colin McRae
100%
1998Colin McRae
100%
1998Carlos Sainz
100%
1999Colin McRae
100%
1999Colin McRae
100%
1994Tommi Mäkinen
97.1%
Rally Driver % Correct
1996Tommi Mäkinen
97.1%
1996Tommi Mäkinen
97.1%
1996Tommi Mäkinen
97.1%
1996Tommi Mäkinen
97.1%
1996Tommi Mäkinen
97.1%
1997Tommi Mäkinen
97.1%
1997Tommi Mäkinen
97.1%
1997Tommi Mäkinen
97.1%
1997Tommi Mäkinen
97.1%
1998Tommi Mäkinen
97.1%
1998Tommi Mäkinen
97.1%
1998Tommi Mäkinen
97.1%
1998Tommi Mäkinen
97.1%
1998Tommi Mäkinen
97.1%
1999Tommi Mäkinen
97.1%
1999Tommi Mäkinen
97.1%
1999Tommi Mäkinen
97.1%
1999Tommi Mäkinen
97.1%
1990Didier Auriol
96.1%
1990Didier Auriol
96.1%
1990Didier Auriol
96.1%
1991Didier Auriol
96.1%
1992Didier Auriol
96.1%
1992Didier Auriol
96.1%
1992Didier Auriol
96.1%
1992Didier Auriol
96.1%
1992Didier Auriol
96.1%
1992Didier Auriol
96.1%
1993Didier Auriol
96.1%
1994Didier Auriol
96.1%
1994Didier Auriol
96.1%
1994Didier Auriol
96.1%
1995Didier Auriol
96.1%
1998Didier Auriol
96.1%
1999Didier Auriol
96.1%
1990Juha Kankkunen
93.1%
1991Juha Kankkunen
93.1%
1991Juha Kankkunen
93.1%
1991Juha Kankkunen
93.1%
1991Juha Kankkunen
93.1%
1991Juha Kankkunen
93.1%
Rally Driver % Correct
1992Juha Kankkunen
93.1%
1993Juha Kankkunen
93.1%
1993Juha Kankkunen
93.1%
1993Juha Kankkunen
93.1%
1993Juha Kankkunen
93.1%
1993Juha Kankkunen
93.1%
1994Juha Kankkunen
93.1%
1999Juha Kankkunen
93.1%
1999Juha Kankkunen
93.1%
1998Richard Burns
92.2%
1998Richard Burns
92.2%
1999Richard Burns
92.2%
1999Richard Burns
92.2%
1999Richard Burns
92.2%
1991Kenneth Eriksson
80.4%
1995Kenneth Eriksson
80.4%
1995Kenneth Eriksson
80.4%
1997Kenneth Eriksson
80.4%
1997Kenneth Eriksson
80.4%
1993François Delecour
78.4%
1993François Delecour
78.4%
1993François Delecour
78.4%
1994François Delecour
78.4%
1990Miki Biasion
74.5%
1990Miki Biasion
74.5%
1993Miki Biasion
74.5%
1999Philippe Bugalski
72.5%
1999Philippe Bugalski
72.5%
1997Piero Liatti
68.6%
1990Björn Waldegård
46.1%
1994Ian Duncan
43.1%
1991Armin Schwarz
40.2%
1992Andrea Aghini
35.3%
1992Mats Jonsson
31.4%
1993Mats Jonsson
31.4%
1991Kenjiro Shinozuka
26.5%
1992Kenjiro Shinozuka
26.5%
1993Gianfranco Cunico
25.5%
1990Patrick Tauziac
18.6%
Come Together.
Have Fun.
All Virtual.
We all need to come together. Play Sporcle's virtual live trivia to have fun, connect with people, and get your trivia on. Join a live hosted trivia game for your favorite pub trivia experience done virtually. If a virtual private party is more your thing, go here for details.

You're not logged in!

Compare scores with friends on all Sporcle quizzes.
OR
Log In

Sporcle TV

Today on Sporcle TV


Watch our educational content, quiz creation guides, and fun videos on Sporcle TV.

Show Comments

Extras

Top Quizzes Today


Score Distribution

Paid Content

Your Account Isn't Verified!

In order to create a playlist on Sporcle, you need to verify the email address you used during registration. Go to your Sporcle Settings to finish the process.

Report this User

Report this user for behavior that violates our Community Guidelines.

Details: